书目信息 |
| 题名: |
当代戏剧审美论集
|
|
| 作者: | 王蕴明 著 | |
| 分册: | ||
| 出版信息: | 北京 文化艺术出版社 1990.9 |
|
| 页数: | 253页 | |
| 开本: | 20厘米 | |
| 丛书名: | ||
| 单 册: | ||
| 中图分类: | J801 | |
| 科图分类: | 48.703 | |
| 主题词: | 戏剧-艺术评论--中国--选集 , 艺术评论-戏剧--中国--选集 | |
| 电子资源: | ||
| ISBN: | 7-5039-0653-7 | |
| 000 | 00685nam 2200241 45 | |
| 001 | 0191002339 | |
| 005 | 20070724111706.75 | |
| 010 | @a7-5039-0653-7@dCNY4.75 | |
| 100 | @a19910128d1990 ekmy0chiy0121 ea | |
| 101 | 0 | @achi |
| 102 | @aCN@b110000 | |
| 105 | @ay z 000yy | |
| 200 | 10 | @a当代戏剧审美论集@ADANG DAI XI JU SHEN MEI LUN JI@f王蕴明著@FWANG YUN MING ZHU |
| 210 | @a北京@c文化艺术出版社@d1990.9 | |
| 215 | @a253页@d20厘米 | |
| 540 | 1 | @a审美@ASHEN MEI |
| 606 | @a戏剧-艺术评论@y中国@x选集 | |
| 606 | @a艺术评论-戏剧@y中国@x选集 | |
| 690 | @aJ801 | |
| 692 | @a48.703 | |
| 701 | 0 | @a王蕴明@AWANG YUN MING@4著 |
| 801 | 0 | @aCN@bTSSF@c20070724 |
| 905 | @a10447@dJ801@e70 | |
| 当代戏剧审美论集/王蕴明著.-北京:文化艺术出版社,1990.9 |
| 253页;20厘米 |
| ISBN 7-5039-0653-7:CNY4.75 |
| ● |
| 相关链接 |
|
|
|
|
正题名:当代戏剧审美论集
索取号:J801/70
 
预约/预借
| 序号 | 登录号 | 条形码 | 馆藏地/架位号 | 状态 | 备注 |
| 1 | 0767828 | 207678280 | 第一样本阅览室/ [索取号:J801/70] | 在馆 |